000 00842nmm a2200241 a 4500
001 ocm0001221741
003 TR-IsHL
005 20201028154559.0
008 131212s1976 tu tur
007 cr cn
035 _a1221741
_b(N$T)
050 0 4 _aHF328.T9
_bB47 1976
090 0 4 _aHF328.T9
_bB47 1976
245 1 0 _a5590 sayılı kanunun tadili hakkındaki odamız görüşü ve tadil tasarısı
_h[electronic resource]
260 _aİstanbul :
_bİstanbul Ticaret Odası,
_c1976
300 _a56 p.
650 4 _aHukuk
650 4 _aLaw
650 0 _aİstanbul Ticaret Odası
_x Tarihi
650 0 _aIstanbul Chamber of Commerce
_x History
650 7 _aBUSINESS & ECONOMICS / Corporate & Business History
_2bisacsh
856 4 0 _uhttp://search.ebscohost.com/login.aspx?direct=true&scope=site&db=e011xww&AN=1221741
999 _c12649
_d12649